Nueva Mirtacea frutal de la costa del Pacífico (Registro nro. 15241)

Detalles MARC
000 -CABECERA
Campo de control 003110000a22001090004500
090 ## - CLASIFICACIÓN LOCAL
Colección AS
Consecutivo Seriadas
041 0# - IDIOMA
Código de idioma para texto/pista de sonido o título separado
100 1# - ASIENTO PRINCIPAL--NOMBRE PERSONAL
Nombre personal Cuatrecasas, José
245 10 - MENCION DE TITULO
Título Nueva Mirtacea frutal de la costa del Pacífico
773 1# - Item fuente:
Título Mutisia: Acta Botánica Colombiana
Especificación de materiales 893
Descripción física 32
Paginas del Articulo 7-8
Lugar, editorial y fecha de publicación 1970
942 ## - ELEMENTOS ADICIONALES (KOHA)
Tipo de ítem Artículo

No hay ítems disponibles.